| 000 | 01774nam0a2200337 4500 | ||
|---|---|---|---|
| 001 | RU\NLR\bibl\138621 | ||
| 005 | 20250618043924.0 | ||
| 010 |
_a5-88448-016-4 _9300 |
||
| 021 |
_aRU _b98-35494 _91686 |
||
| 035 | _a(NLR Aleph) 000135783 | ||
| 090 |
_a776275 _c776275 |
||
| 100 | _a20010306d1998 |||y0rusy50 ca | ||
| 101 | 0 | _arus | |
| 102 | _aRU | ||
| 105 | _ay ||||||||| | ||
| 200 | 1 |
_aРоссия на рубеже веков _eМатериалы всерос. шк.-семинара, [Йошкар-Ола, 6-8 окт. 1997 г. _fРедкол.: ... Шкалина Г.Е., к.филос.н. (отв. ред.) и др.] |
|
| 210 |
_aЙошкар-Ола _cБ.и. _d1998 |
||
| 215 |
_a172 с. _d20 |
||
| 225 | 1 | _aВестник Совета ученых-гуманитариев Республики Марий Эл | |
| 300 | _aВ надзаг.: Ин-т "Открытое о-во", Постоянно действующий регион. междисциплинар. пробл. семинар "Человек в полиэтнич. регионе" | ||
| 320 | _aБиблиогр. в конце ст. и в подстроч. прим. | ||
| 606 | 0 |
_aВысшее гуманитарное образование _jСборники _yРоссийская Федерация _92193772 _3RU\NLR\auth\661318586 |
|
| 606 | 0 |
_aВысшее гуманитарное образование _jСъезды, совещания и т.п. _yРоссийская Федерация _92193772 _3RU\NLR\auth\661318586 |
|
| 686 | _aЧ489.1я431 | ||
| 702 | 1 |
_aШкалина _bГ. Е. _4340 |
|
| 801 | 0 |
_aRU _bNLR _c20010306 _gPSBO |
|
| 801 | 1 |
_aRU _bNLR _c20010306 |
|
| 852 |
_aNLR _j99-3/7678 |
||
| 942 | _cBOOK | ||
| 980 | _aNB | ||